THE BHARTIYA SAKSHYA ADHINIYAM 2023 [ACT.NO-47 OF 2023] 25TH ED. (Record no. 8809)

MARC details
000 -LEADER
fixed length control field 00495nam a22001817a 4500
005 - DATE AND TIME OF LATEST TRANSACTION
control field 20250911113558.0
008 - FIXED-LENGTH DATA ELEMENTS--GENERAL INFORMATION
fixed length control field 250909b |||||||| |||| 00| 0 eng d
020 ## - INTERNATIONAL STANDARD BOOK NUMBER
ISBN 978-93-92140-98-3
041 ## - LANGUAGE CODE
Language code of text/sound track or separate title eng
082 ## - DEWEY DECIMAL CLASSIFICATION NUMBER
Classification number 347.06 LAL-B
100 ## - MAIN ENTRY--AUTHOR NAME
Personal name LAL, BATUK
245 ## - TITLE STATEMENT
Title THE BHARTIYA SAKSHYA ADHINIYAM 2023 [ACT.NO-47 OF 2023] 25TH ED.
250 ## - EDITION STATEMENT
Edition statement 25TH ED. 202
260 ## - PUBLICATION, DISTRIBUTION, ETC. (IMPRINT)
Place of publication PRAYAGRAJ
Name of publisher CENTRAL LAW AGENCY
Year of publication 2025
300 ## - PHYSICAL DESCRIPTION
Number of Pages 651;P
650 ## - SUBJECT ADDED ENTRY--TOPICAL TERM
Topical Term LEGAL STUDIES
942 ## - ADDED ENTRY ELEMENTS (KOHA)
Koha item type Books
Holdings
Lost status Damaged status Collection code Home library Current library Shelving location Date acquired Source of acquisition Cost, normal purchase price Full call number Accession Number Koha item type
    LAW JRU Library JRU Library Reference Section 09/09/2025 PURCHASE 800.00 347.06 28818 Books
    LAW JRU Library JRU Library SHELF-29-B 09/09/2025 PURCHASE 800.00 347.06 28819 Books
    LAW JRU Library JRU Library SHELF-29-B 09/09/2025 PURCHASE 800.00 347.06 28820 Books
    LAW JRU Library JRU Library SHELF-29-B 09/09/2025 PURCHASE 800.00 347.06 28821 Books
    LAW JRU Library JRU Library SHELF-29-B 09/09/2025 PURCHASE 800.00 347.06 28822 Books